Alonso XIII de Bom-bon (Record no. 115412)

MARC details
000 -LEADER
campo de control de longitud fija 00890nam a2200229 i 4500
001 - NÚMERO DE CONTROL
campo de control 115412
003 - IDENTIFICADOR DE NÚMERO DE CONTROL
campo de control ES-MaACL
005 - FECHA Y HORA DE LA ÚLTIMA TRANSACCIÓN
campo de control 20251215140834.0
007 - CAMPO FIJO DE DESCRIPCIÓN FÍSICA--INFORMACIÓN GENERAL
campo de control de longitud fija t|
008 - DATOS DE LONGITUD FIJA--INFORMACIÓN GENERAL
campo de control de longitud fija 070308s1931 sp ||||1| spa d
080 ## - NÚMERO DE LA CLASIFICACIÓN DECIMAL UNIVERSAL
Número de la Clasificación Decimal Universal 821.134.2-22"19"
100 1# - ENTRADA PRINCIPAL--NOMBRE DE PERSONA
Nombre de persona Custodio, Angel.
9 (RLIN) 42281
245 10 - MENCIÓN DEL TÍTULO
Título Alonso XIII de Bom-bon
Resto del título : fantasía escénica en tres actos, en verso, inspirada en hechos de los últimos días que precedieron al derrumbamiento de la monarquía en España /
Mención de responsabilidad, etc. Angel Custodio y Javier de Burgos.
260 ## - PUBLICACIÓN, DISTRIBUCIÓN, ETC.
Lugar de publicación, distribución, etc. Madrid :
Nombre del editor, distribuidor, etc. Prensa Moderna,
Fecha de publicación, distribución, etc. 1931.
300 ## - DESCRIPCIÓN FÍSICA
Extensión 54 p. ;
Dimensiones 17 cm.
490 1# - MENCIÓN DE SERIE
Mención de serie El Teatro moderno ;
Designación de volumen o secuencia 303
500 ## - NOTA GENERAL
Nota general Estrenada en el teatro Maravillas, de Madrid, el 13 de junio de1931.
700 1# - ENTRADA AGREGADA--NOMBRE PERSONAL
Nombre de persona Burgos, Javier de,
Fechas asociadas al nombre 1885-1971
9 (RLIN) 139908
830 03 - PUNTO DE ACCESO ADICIONAL DE SERIE-TÍTULO UNIFORME
Título uniforme El teatro moderno (Prensa Moderna)
Designación de volumen o secuencia 303
9 (RLIN) 182365
852 ## - LOCALIZACIÓN
Ubicación ES-MaACL
Número de control de estantería C-13143
Holdings
Estatus retirado Estado de pérdida Estado de daño No para préstamo Biblioteca de origen Biblioteca actual Ubicación en estantería Fecha de adquisición Fuente de adquisición Total de préstamos Signatura topográfica completa Código de barras Visto por última vez Precio de reemplazo Tipo de ítem Koha
        Biblioteca del Ateneo de Madrid Biblioteca del Ateneo de Madrid Sala Palomar 17/01/2008     C-13143 1120337 23/02/2023 23/02/2023 Libro impreso